U. S. States Bigger than London - Statistics

General Stats
  • This quiz has been taken 42 times
  • The average score is 8 of 11
Answer Stats
Population State % Correct
39,144,818 California
97%
19,795,791 New York
97%
27,469,114 Texas
95%
20,271,272 Florida
87%
12,802,503 Pennsylvania
68%
12,859,995 Illinois
66%
11,613,423 Ohio
66%
10,214,860 Georgia
55%
9,922,576 Michigan
55%
10,042,802 North Carolina
45%
8,958,013 New Jersey
37%
No matching quizzes found
Score Distribution
Percent of People with Each Score
Percentile by Number Answered
Your Score History
You have not taken this quiz